00152 a2200073 45000010005000001000013000052450029000182600031000477052 aHaq, S.M aGreat revolution of 1957 abPak historical societyc